Information graphics
Saved in:
| Main Authors: | , |
|---|---|
| Format: | Bog |
| Sprog: | engelsk tysk fransk |
| Udgivet: |
Colonia
Taschen
2012
|
| Fag: | |
| Tags: |
Tilføj Tag
Ingen Tags, Vær først til at tagge denne postø!
|
MARC
| LEADER | 00000cam a2200000 a 4500 | ||
|---|---|---|---|
| 001 | UCF7766 | ||
| 003 | CL-VaPUC | ||
| 008 | 130704e20120000GW |||||||||||||||||eng|d | ||
| 020 | |a 9783836528795 | ||
| 041 | 0 | 7 | |a eng |2 CL-VaPUC |
| 041 | 0 | 7 | |a ger |2 CL-VaPUC |
| 041 | 0 | 7 | |a fre |2 CL-VaPUC |
| 082 | 0 | 4 | |a 741.6 |b REN |2 21 |
| 100 | 0 | |a Rendgen, Sandra |e author |9 569895 | |
| 700 | 0 | |a Wiedemann, Julius |e author |9 569896 | |
| 245 | 1 | 0 | |a Information graphics |
| 300 | |a 480 p | ||
| 942 | |c BK | ||
| 945 | |d 20130704 00:00:00 |a dcastane | ||
| 260 | |a Colonia |b Taschen |c 2012 | ||
| 500 | |a Incluye un poster desplegable | ||
| 650 | 0 | |a Diseño gráfico |9 266874 | |
| 650 | 0 | |a Infografía |9 436095 | |
| 650 | 0 | |a Información visual |9 569897 | |
| 650 | 7 | |a LENGUAJE ESQUEMATICO |2 CL-VaPUC |9 569898 | |
| 583 | |a last modification |c 20130704 11:43:00 |k Rodrigo Vera | ||
| 999 | |c 352553 |d 352551 | ||
| 952 | |0 0 |1 0 |4 0 |6 741_600000000000000_REN_2012 |7 0 |8 F |9 457114 |a BIBARQ |b BIBARQ |d 2019-11-22 |i 4987861 |l 17 |o 741.6 REN 2012 |p 4987861 |r 2025-04-29 |s 2025-04-29 |w 2019-11-22 |y BK_F |k ARQ | ||